000 00222nam a22000857a 4500
008 160630b xxu||||| |||| 00| 0 eng d
100 _91443
_aTayal, B.B., et al
245 _aNew Social Sciences - VII
260 _aN.D
_b Arya
_c2005
999 _c1192
_d1192